Statistics for Superstar QB's Replacements

Click here to take the quiz!

General Stats

  • This quiz has been taken 15 times
  • The average score is 11 of 45

Answer Stats

HintAnswer% Correct
2016 (WK 3-4)Jacoby Brissett
83%
2016 (WK 1-2)Jimmy Garoppolo
83%
2021 (WK 9)Jordan Love
67%
2020 (WK 10-13)Taysom Hill
58%
2020 (WK 17)Chad Henne
50%
2008 (WK 2-17)Matt Cassel
50%
2022 (WK 6, 18)Skylar Thompson
50%
2022 (WK 5, 17)Teddy Bridgewater
50%
2021 (WK 10, 14, 16-17)
2022 (WK 13-16)
Tyler Huntley
50%
2015 (WK 10-15)Brock Osweiler
42%
2021 (WK 6-8)Geno Smith
42%
2021 (WK 9-11)
2022 (WK 10-11, 15)
Colt McCoy
33%
2021 (WK 7)
2022 (WK 2-6)
Cooper Rush
33%
2010 (WK 15)
2011 (WK 17)
2013 (WK 10-14)
Matt Flynn
33%
2022 (WK 17)Anthony Brown
25%
2022 (WK 15-18)Baker Mayfield
25%
2020 (WK 11-13, 16-17)
2021 (WK 17)
Branden Allen
25%
2017 (WK 7-13, 15-16)Brett Hundley
25%
2022 (WK 17-18)David Blough
25%
2020 (WK 12)Ryan Fitzpatrick
25%
2020 (WK 6-7, 11-17)Andy Dalton
17%
2020 (WK 8)Ben DiNucci
17%
2019 (WK 13-17)David Blough
17%
2020 (WK 9)Garrett Gilbert
17%
2021 (WK 3-5, 9-10)Jacoby Brissett
17%
2019 (WK 8-9)Matt Moore
17%
2019 (WK 17)
2020 (WK 11)
Robert Griffin III
17%
2013 (WK 9)Seneca Wallace
17%
2018 (WK 17)
2019 (WK 3-7)
Teddy Bridgewater
17%
2022 (WK 7, 14)Brett Rypien
8%
2022 (WK 12)Bryce Perkins
8%
2019 (WK 10-12)Jeff Driskel
8%
2022 (WK 10, 13-14)John Wolford
8%
2021 (WK 15)Josh Johnson
8%
2015 (WK 3)Luke McCown
8%
2020 (WK 14)Ryan Finley
8%
2022 (WK 16)Trace McSorely
8%
2009 (WK 5-6, 14-15, 17)Daunte Culpepper
0%
2018 (WK 7-8)Derek Anderson
0%
2003 (WK 9-13)
2004 (WK 17)
Doug Flutie
0%
2009 (WK 16)
2010 (WK 13-15)
Drew Stanton
0%
2009 (WK 17)Mark Brunell
0%
2018 (WK 10)Matt Barkley
0%
2018 (WK 9)Nathan Peterman
0%
2010 (WK 2-6, 10-12, 16-17)Shaun Hill
0%

Score Distribution

Percentile by Number Answered

Percent of People with Each Score

Your Score History

You have not taken this quiz